书目信息 |
| 题名: |
化学文献及查阅方法(第二版)
|
|
| 作者: | 余向春 编著 | |
| 分册: | ||
| 出版信息: | 北京 科学出版社 2000.05 |
|
| 页数: | 435页 | |
| 开本: | 32开 | |
| 丛书名: | ||
| 单 册: | ||
| 中图分类: | O6-05 | |
| 科图分类: | ||
| 主题词: | 化学--理论 , 化学--方法 | |
| 电子资源: | ||
| ISBN: | 7-03-003594-1 | |
| 000 | 00609nam0 2200205 45 | |
| 001 | 0008031081 | |
| 005 | 20001204172315.1 | |
| 010 | @a7-03-003594-1@d29.00元 | |
| 100 | @a20000803d2000 km y0chiy0120 ea | |
| 101 | 0 | @achi |
| 105 | @a z 000yy | |
| 200 | 1 | @a化学文献及查阅方法(第二版)@AHua Xue Wen Xian Ji Cha Yue Fang Fa(Di Er Ban)@f余向春 编著@FYu Xiang Chun Bian Zhu |
| 210 | @a北京@c科学出版社@d2000.05 | |
| 215 | @a435页@d32开 | |
| 606 | 0 | @a化学@x理论 |
| 606 | 0 | @a化学@x方法 |
| 690 | @aO6-05@v3 | |
| 701 | 0 | @a余向春@4编著 |
| 801 | @aCN@bPftUser@c20000803 | |
| 905 | @dO6-05@eY126=2@b513434-436@f3 | |
| 化学文献及查阅方法(第二版)/余向春 编著.-北京:科学出版社,2000.05 |
| 435页;32开 |
| ISBN 7-03-003594-1:29.00元 |
| ● |
| 相关链接 |
|
|
|
正题名:化学文献及查阅方法(第二版)
索取号:O6-05/Y126=2
 
预约/预借
| 序号 | 登录号 | 条形码 | 馆藏地/架位号 | 状态 | 备注 |
| 1 | 513434 | 205134344 | 自科库401/401自科库 60排4列5层/ [索取号:O6-05/Y126=2] | 在馆 | |
| 2 | 513435 | 205134353 | 自科库401/401自科库 60排4列5层/ [索取号:O6-05/Y126=2] | 在馆 | |
| 3 | 513436 | 205134362 | 自科库401/401自科库 60排4列5层/ [索取号:O6-05/Y126=2] | 在馆 |